| 000 | 01741nam a22002537a 4500 | ||
|---|---|---|---|
| 999 |
_c58612 _d58612 |
||
| 003 | Ge_BSU | ||
| 005 | 20220614125743.0 | ||
| 008 | 220614s2013 ge ||||| |||| 00| 0 geo d | ||
| 020 | _a9789941063008 | ||
| 041 | _ageo | ||
| 080 | _a330 +321.7 ე-49 | ||
| 245 |
_aეკონომიკა და სოციალური დემოკრატია / _c სიმონ ფაუტი და სხვ. ; [სარედ. ჯგუფი: ია თიკანაძე, თამარ ბერიძე, ნანული ჭყოიძე [და სხვ.]]. |
||
| 264 |
_aთბილისი : _bფრიდრიხ ებერტის ფონდი, _c2013. |
||
| 300 |
_a160 გვ. : _bილ. ; _c 22 სმ. |
||
| 490 |
_aსოციალური დემოკრატიის კურსი ; _v2 |
||
| 504 | _a ბიბლიოგრ.: გვ. 155-157. | ||
| 653 | _aსოციალური დემოკრატია. | ||
| 700 |
_aფაუტი, სიმონ _eავტორი _914076 |
||
| 700 |
_aდამი, იოჰენ _eავტორი _914077 |
||
| 700 |
_aდაუდერშტედტი, მიჰაელ და სხვ. _eავტორი _914078 |
||
| 700 |
_aერქომაიშვილი, გულნაზ _eრედაქტორი _92815 |
||
| 856 |
_uhttp://progressive.ge/uploads/files/%E1%83%94%E1%83%99%E1%83%9D%E1%83%9C%E1%83%9D%E1%83%9B%E1%83%98%E1%83%99%E1%83%90%20%E1%83%93%E1%83%90%20%E1%83%A1%E1%83%9D%E1%83%AA%E1%83%98%E1%83%90%E1%83%9A%E1%83%A3%E1%83%A0%E1%83%98%20%E1%83%93%E1%83%94%E1%83%9B%E1%83%9D%E1%83%99%E1%83%A0%E1%83%90%E1%83%A2%E1%83%98%E1%83%90.pdf _yელ. ვერსია pdf |
||
| 942 |
_2udc _cBK |
||